000 04255nam0a2200337 4500
001 RU\NLR\BIBL_A\012833314
005 20260113114315.0
010 _a978-5-8088-1677-0
_950
021 _aRU
_bКН-П-22-021893
_9КН-П-22-1877
035 _a(NLR Aleph) 012833314
035 _a(RuMoRGB)011036462
090 _a12367907
_c12367907
100 _a20220629d2021 u y0rusy50 ca
101 0 _arus
102 _aRU
105 _ay j 000zy
181 0 _ai4
_baxxe
182 0 _an
200 1 _aМеждународное сотрудничество в борьбе с экономическими преступлениями
_eучебное пособие
_eдля студентов очной и заочной форм обучения юридического и экономического факультетов, обучающихся по программам специалитета в Санкт-Петербургском государственном университете аэрокосмического приборостроения по специальности 38.05.02 "Таможенное дело", направленностей "Правоохранительная деятельность" и "Таможенное регулирование внешнеэкономической деятельности"; по специальности 38.05.01 "Экономическая безопасность" направленности "Финансовый учет и контроль в правоохранительных органах"
_fГ. П. Ермолович
_gМинистерство науки и высшего образования Российской Федерации, Федеральное государственное автономное образовательное учреждение высшего образования Санкт-Петербургский государственный университет аэрокосмического приборостроения
203 _aТекст
_bвизуальный
_cнепосредственный
210 _aСанкт-Петербург
_cГУАП
_d2021
215 _a151 с.
_d21
320 _aБиблиогр.: с. 145-148 и в подстроч. примеч.
330 _aРазработано в соответствии с требованиями федерального государственного образовательного стандарта высшего образования по специальности 38.05.02 <Таможенное дело> направленности <Правоохранительная деятельность> (уровень специалитета). Предназначено для студентов очной и заочной форм обучения юридического и экономического факультетов, обучающихся по программам специалитета в Санкт-Петербургском государственном университете аэрокосмического приборостроения по специальности 38.05.02 <Таможенное дело>, направленностей <Правоохранительная деятельность> и <Таможенное регулирование внешнеэкономической деятельности>; по специальности 38.05.01 <Экономическая безопасность> направленности <Финансовый учет и контроль в правоохранительных органах>
606 1 _aПреступления в сфере экономики
_jУчебные издания для высших учебных заведений
_xБорьба с ними
_xМеждународно-правовые вопросы
_92475241
_3RU\NLR\AUTH\661469789
686 1 _aХ916.8я73
700 1 _7ca
_8rus
_aЕрмолович
_bГ. П.
_f1955-
_gГеннадий Павлович
_92692641
_3RU\NLR\AUTH\770288575
942 _cBOOK
980 _aNB